Films avec Philippe Noiret par image - Statistiques

Statistiques générales
  • Ce quiz a été pris 34 fois
  • Le résultat moyen est 7 sur 16
Statistiques - réponses
Par images Réponse % Correct
Les Ripoux
91%
Le Vieux Fusil
88%
Cinema Paradiso
68%
La Fille de d'Artagnan
65%
La Grande Bouffe
65%
Coup de torchon
62%
Fort Saganne
47%
Chouans !
38%
La Vie et rien d'autre
38%
Les Grands Ducs
38%
L'Africain
35%
L'Horloger de Saint-Paul
35%
Pile ou Face
21%
Uranus
18%
Le Facteur
12%
Mes très chers amis
3%
Aucun quiz correspondant
Distribution des résultats
% des personnes avec chaque résultat
Percentile par nombre de réponses
Votre historique - résultats
Vous n’avez pas pris ce quiz